[Event "FIDE-Wch k.o."]
[Site "Las Vegas"]
[Date "1999.08.04"]
[Round "2.2"]
[White "Tkachiev, Vladislav"]
[Black "Magem Badals, Jordi"]
[Result "1/2-1/2"]
[WhiteElo "2648"]
[BlackElo "2528"]
[Annotator "Huzman,A"]
[PlyCount "75"]
[EventDate "1999.07.31"]
[EventType "k.o."]
[EventRounds "7"]
[EventCountry "USA"]
[SourceTitle "CBM 072"]
[Source "ChessBase"]
[SourceDate "1999.10.01"]
[SourceVersion "1"]
[SourceVersionDate "1999.10.01"]
[SourceQuality "1"]

1. d4 d5 2. c4 dxc4 3. e3 Nf6 4. Bxc4 e6 5. Nf3 c5 6. O-O a6 7. Bb3 Nc6 8. Nc3
(8. Qe2 Be7 9. Rd1 cxd4 10. exd4 Na5 (10... b5 $2 11. Nc3 Na5 12. d5 $1) 11.
Bc2 b5 12. Nc3 Bb7 13. Ne5 (13. Ne4 {[%cal Ge4c5]} Nxe4 14. Bxe4 O-O 15. Bf4
Bxe4 (15... Rc8 $5 $11) 16. Qxe4 Nc4 {[%csl Rd5][%cal Yc4b2,Yc4b6,Yb6d5]} 17.
d5 $8 Nxb2 (17... Bf6 $5 18. dxe6 Qe7 $1 19. exf7+ Qxf7 $44) 18. Re1 Bf6 19.
dxe6 Qe7 $2 (19... fxe6 $142 20. Qxe6+ Kh8 21. Ne5 Qe8 22. Qb3 Nc4 23. Nxc4
bxc4 24. Qxc4 Bxa1 25. Rxe8 Rfxe8 $11) 20. Ng5 $1 Bxg5 21. Bxg5 Qxe6 (21... f6
22. Bf4 $16 {[%csl Ge6]}) 22. Qd4 $1 Qg6 23. Be7 $18 {1-0 Aleksandrov,
A-Yakovich,Y/Sochi 1997/CBM 62/[Huzman] (33)}) 13... Rc8 14. a3 $6 O-O 15. Rd3
Nc4 16. Rg3 $2 Qxd4 $1 17. Bh6 $2 Nxe5 $1 $19 {0-1 Illescas Cordoba,M-Anand,V/
Leon (m/2) 1997/Inf 70/[Anand,V] (21)}) 8... Be7 9. Qe2 cxd4 10. Rd1 O-O (10...
e5 11. exd4 exd4 12. Be3 $1 (12. Nxd4 Nxd4 13. Qe3 Ng4 14. Qxd4 Qxd4 15. Rxd4
O-O (15... Bc5 16. Re4+ Kf8 17. Re2 $14) 16. Bf4 Bc5 17. Rd2 $14) 12... Bg4 13.
Ba4 $1 $16 b5 $140 14. Nxb5 axb5 15. Bxb5 $18) 11. exd4 (11. Nxd4 $5 Nxd4 (
11... Qc7 12. Nxc6 Qxc6 13. e4 $36) 12. exd4 {[%cal Gd4d5]} Nd5 13. Qf3 $14)
11... Na5 (11... Nb4 12. Ne5 Nbd5 13. Rd3 Bd7 14. Rg3 g6 15. Bh6 $16 {
Filip-Konrady/Varna/1962/}) 12. Bc2 b5 13. Ne4 (13. Bg5 Bb7 14. Ne5 (14. Bxf6
Bxf6 15. Ne5 (15. Be4 {1/2-1/2 Hoffman,A-Sorokin,M/Clarin GP-f 1997/CBM 58})
15... Rc8 16. Be4 Qc7 17. Bxb7 Nxb7 18. Ng4 Be7 19. d5 b4 20. Na4 Qc4 21. Qxc4
Rxc4 22. Ne3 Re4 23. Rac1 $14 {1/2-1/2 Dizdar,G-Lazarev,V/Paris 1996/EXT 96op2
(42)}) (14. Rac1 Rc8 15. Bb1 Nc4 16. Ne5 Nb6 17. Qd3 g6 18. Bh6 Re8 19. Qh3 Nc4
20. Nxc4 Rxc4 21. Ne2 Qb6 {1/2-1/2 Botvinnik,M-Petrosian,T/Wch25 1963/MAINB}) (
14. d5 Bxd5 15. Nxd5 exd5 16. Nd4 Re8 17. Nf5 Nc6 18. Qf3 Ne5 19. Qh3 Ng6 20.
Re1 Bf8 21. Qf3 Qa5 22. Red1 Ne4 23. Be3 $44 {0-1 Slutzky,L-Ben Menachem,I/
Ramat Hasharon 1992/EXT 92 (74)}) 14... Nd5 (14... Rc8 $5 15. Rd3 (15. Rac1 Nd5
16. Bxe7 Qxe7 17. Ne4 Nc4 18. Bb3 f5 19. Bxc4 fxe4 20. Bxd5 Bxd5 21. a3 $16 {
1-0 Mittelman,G-Ben Menachem,I/ISR-chT 1996/EXP 52 (35)}) 15... b4) (14... Nc6
15. Bxf6 Bxf6 16. Qe4 g6 17. Nxc6 Qc7 18. Qf3 b4 19. Qxf6 bxc3 20. Ne7+ {
1-0 Petrosian,A-Suetin,A/Erevan 1994/EXT 94 (20)}) 15. Bxe7 Qxe7 16. Ne4 Nc6
17. Rac1 Rac8 18. a3 Rfd8 19. g3 Nf6 20. Nxc6 Bxc6 21. Nxf6+ Qxf6 22. Bxh7+
Kxh7 23. Rxc6 Rxc6 24. Qe4+ g6 25. Qxc6 Rxd4 $11 {1/2-1/2 Sherwin,J-Kamber,B/
SWZ-chT 1995/EXP 49 (33)}) (13. Ne5 Bb7 14. a3 Rc8 15. Rd3 Ne4 16. Rh3 g6 17.
Bh6 Re8 18. Re1 Ng5 19. Bxg5 {1/2-1/2 Cvitan,O-Zifroni,D/Biel 1996/EXT 97 (19)}
) (13. Ng5 g6 14. Qf3 Nd5 15. Qg3 Nc4 16. Qh4 Bxg5 17. Bxg5 f6 18. Bc1 Nxc3 19.
bxc3 Bb7 20. Qg4 Qd7 21. h4 Kh8 22. Re1 Bd5 $11 {1/2-1/2 Kochetkov,G-Gyimesi,Z/
Pula 1997/EXP 57 (39)}) (13. a4 $1 $146 b4 $6 (13... bxa4 14. Nxa4 Bd7 (14...
Nc6 {/\ Nb4}) 15. Nc5 Bb5 16. Qe1 Nc6 17. Bg5 $14) 14. Ne4 Bb7 15. Nc5 Bd5 16.
Ne5 Ra7 $2 17. Bg5 $1 g6 $8 18. Qe1 $6 {1-0 Zvjaginsev,V-Magem Badals,J/
Pamplona 1995/Inf 65/[Zvjaginsev,V] (28)} (18. Nxa6 $1 Nh5 19. Bxe7 (19. Bh6 $2
Bg5 $44 {->}) 19... Qxe7 20. g3 f6 21. Ng4 Bc4 22. Bd3 $18 {Magem Badals,J}))
13... Bb7 14. Nc5 Bd5 (14... Bxf3 $5 15. Qxf3 Qd5 $11) 15. Ne5 Nc4 (15... Nc6
16. Bg5 $1 Nxe5 17. dxe5 Nd7 18. Nxd7 Qxd7 19. Bf6 $1 $40 {Cvitan,O-Pikula,D/
Biel (open) 1997/Inf 71/[Sokolov,I] (19)}) 16. Ned3 $1 Qb6 (16... Nd7 17. b3
Ncb6 18. Be3 Bg5 19. Nf4 Ra7 $1 20. Rac1 h6 $2 (20... Re8 21. Bb1 $14 {|^}) 21.
Qd3 Nf6 22. Nh5 $1 g6 23. Ng3 $16 {1-0 Sokolov,I-Volzhin,A/Koge 1997/Inf 71/
[Sokolov,I] (33)}) 17. Bg5 Rad8 18. Ne5 Qa7 (18... Nxe5 19. dxe5 Bxc5 (19...
Bc4 $1 20. Qf3 (20. Nd3 Nd5 21. Bxe7 Nxe7 $11) 20... Qxc5 21. Bxf6 Rxd1+ (21...
Bxf6 22. exf6 Qe5 23. b3 Bd5 24. Qh3 h6 25. fxg7 Qxg7 $14) 22. Rxd1 Bxf6 23.
exf6 Qg5 (23... Bxa2 24. Qe4 (24. fxg7 Kxg7 25. Qd3 f5 26. Qg3+ $40 {[%cal
Gd1d7]}) 24... g6 25. Qf4) 24. fxg7 Qxg7 25. b3 Bd5 26. Be4 $14)) 19. b3 Na3 (
19... Nxe5 20. dxe5 Qxc5 21. exf6 gxf6 (21... Bxf6 22. Qd3 $18) 22. Bh6 $18)
20. Bd3 Ba8 21. Qe3 Rd6 22. Re1 g6 23. Bh6 Rfd8 24. Rac1 b4 25. Nxf7 $1 Kxf7
26. Nxe6 Qb7 (26... Qd7 27. Nxd8+ Bxd8 (27... Qxd8 $2 28. Rc8 $1 $18)) 27. Bf1
R8d7 28. Nc5 Qa7 (28... Qd5 29. Nxd7 Rxd7 30. Rc8 $18 Bb7 $140 (30... Bd6 31.
Rxa8 $18) 31. Qxe7+ Rxe7 32. Rf8#) 29. Bf4 Bd5 (29... Nd5 30. Qh3 $1 Nxf4 31.
Qxh7+ Kf6 (31... Kf8 32. Nxd7+ Qxd7 33. Rxe7 Qxe7 34. Rc8+ Rd8 35. Qh8+ Kf7 36.
Qxd8 $18) 32. Nxd7+ Rxd7 (32... Qxd7 33. Qh4+ g5 34. Qh8+ Kf7 35. Qxa8 $18) 33.
Qh8+ Kf7 34. Rc8 $18) 30. Nxd7 $6 (30. Bxd6 Rxd6 31. Bxa6 $16) 30... Rxd7 31.
Rc8 (31. Be5 $5 Qb7 32. Bxf6 Bxf6 33. Bxa6 $16) 31... Qb6 32. Bh6 Be6 33. Rb8 (
33. Bc4 Nxc4 34. bxc4 Rxd4 $17) 33... Qc6 34. Rc8 Qb6 35. Rb8 Qc6 36. Bc4 Nxc4
37. bxc4 Qxc4 38. Rb6 (38. Rb6 Rd6 $15) 1/2-1/2

[Event "GER-ch 75th"]
[Site "Hoeckendorf"]
[Date "2004.02.06"]
[Round "8"]
[White "Gustafsson, Jan"]
[Black "Braun, Arik"]
[Result "1-0"]
[WhiteElo "2572"]
[BlackElo "2429"]
[Annotator "Huzman,A"]
[PlyCount "75"]
[EventDate "2004.01.30"]
[EventType "swiss"]
[EventRounds "9"]
[EventCountry "GER"]
[SourceTitle "CBM 100"]
[Source "ChessBase"]
[SourceDate "2004.06.01"]
[SourceVersion "1"]
[SourceVersionDate "2004.06.01"]
[SourceQuality "1"]

1. d4 {Gutman} d5 2. c4 c6 (2... dxc4 3. Nf3 Nf6 4. e3 e6 5. Bxc4 a6 6. a4 c5
7. O-O cxd4 8. exd4 Nc6 9. Nc3 Be7 10. Bg5 O-O 11. Re1 b6 {'?' Gutman.} 12. d5
Nxd5 (12... Na5 13. Ba2 exd5 14. Nxd5 Nxd5 15. Bxe7 Nxe7 16. Qxd8 Rxd8 17. Rxe7
Be6 18. Bxe6 fxe6 19. Rxe6 $16 {1/2-1/2 Racherbaeumer,M-Kitte,S/Porz 1991/EXT
97 (50)}) 13. Nxd5 {'!?' Gutman.} (13. Bxd5 exd5 14. Qxd5 Bxg5 15. Nxg5 (15.
Qxc6 Bd7 16. Qb7 Bg4 17. Rad1 Bxf3 18. Qxf3 Qf6 19. Qg4 Rae8 $14 {1/2-1/2
Kolesar,M-Vaculik,M/CZE 2001/EXT 2003 (27)}) 15... Qxd5 (15... Qf6 16. Nce4 Qg6
17. Rad1 Bg4 18. f3 Rad8 19. Nd6 Nb4 20. Qd2 Nc2 21. Re5 $16 {1-0 Williams,
A-Penrose,J/Clacton on Sea 1974/EXT 2000 (26)} (21. Re2 Bh5 22. Nf5 $1 $18))
16. Nxd5 h6 17. Ne4 Rb8 18. Rac1 Be6 19. Nef6+ gxf6 20. Nxf6+ Kh8 21. Rxc6 $16
{1/2-1/2 Rukavina,J-Nemet,I/Umag 1972/MCD (47)}) 13... Bxg5 (13... exd5 14.
Qxd5 Bxg5 15. Qxg5 $16 {1-0 Tarjan,J-Buljovcic,I/Novi Sad 1975/EXT 2001 (22)})
14. Nxg5 Qxg5 15. Nxb6 Ra7 (15... Bb7 16. Qc1 Qxc1 17. Raxc1 Ra7 18. Red1 $16 {
1-0 Rayner,F-Large,P/Eastbourne 1990/EXT 2000 (42)}) 16. Nxc8 Rxc8 17. Rxe6 $16
Rac7 {Gutman} 18. Re3) 3. Nf3 Nf6 4. Nc3 a6 5. a4 e6 6. Bg5 Be7 7. e3 O-O 8.
Bd3 dxc4 9. Bxc4 c5 10. O-O cxd4 11. exd4 Nc6 12. Re1 b6 (12... Nb4 $5 {Gutman}
) 13. d5 Nxd5 14. Bxd5 (14. Nxd5 $5) 14... exd5 15. Qxd5 Qxd5 16. Nxd5 Bxg5 {
'?!' Gutman.} (16... Bc5 {Gutman} 17. Be3 Rb8) 17. Nxg5 h6 18. Rac1 $1 hxg5 (
18... Bb7 19. Ne4 Ne5 20. Nxb6 Nd3 (20... Rad8 21. Nc5 Nd3 22. Nxd3 Rxd3 23.
Rc7 Be4 24. f3 $16) 21. Nxa8 Bxa8 22. Nc5 $16) 19. Rxc6 $16 {[%csl Ra6,Rb6]}
Be6 (19... b5 20. Nc7 Rb8 21. a5 Rb7 22. b4 $1 {[%csl Ra6,Rb5]} Ra7 23. Rd1 $16
) 20. Nc7 $1 (20. Nxb6 Rad8 $132 {[%cal Yd8d2]}) 20... Rac8 (20... Rfc8 21.
Rcxe6 (21. Rec1 Bd7 22. Nxa8 Rxc6 23. Rxc6 Bxc6 24. Nxb6 $16) 21... Rxc7 22.
Rxb6 $16) 21. Rec1 Rfd8 22. h3 $16 Bd7 23. Rxb6 Bxa4 24. Rxa6 Bb5 $6 (24... Rd4
25. Rb6 $16) (24... Rd1+ 25. Rxd1 Bxd1 26. Nd5 Rc1 27. Kh2 Bb3 28. Ne7+ Kh7 29.
Rb6 Be6 30. b4 $16) 25. Ra5 Be2 26. b4 Rd4 (26... g4 27. hxg4 Bxg4 28. b5 Rb8
29. Rc5 $16) 27. Ra2 Bb5 (27... Bd3 28. Ra3 Be2 29. Re3 Bb5 30. Rc5 $16) 28.
Rc5 Bd7 29. Rb2 Rb8 30. b5 f6 31. b6 Rd6 32. b7 Bc6 $2 (32... Kf7 33. Nb5 (33.
Ra5 Bc6) 33... Rc6) 33. Rb6 $18 Rd1+ 34. Kh2 Bxb7 (34... Be4 35. Nd5 $1 $18)
35. Rcb5 Rd2 36. Rxb7 Rxb7 37. Rxb7 Rxf2 38. Ne6 1-0

[Event "Sarajevo Bosnia 29th"]
[Site "Sarajevo"]
[Date "1999.05.24"]
[Round "7"]
[White "Bareev, Evgeny"]
[Black "Timman, Jan H"]
[Result "1-0"]
[WhiteElo "2679"]
[BlackElo "2670"]
[Annotator "Huzman,A"]
[PlyCount "81"]
[EventDate "1999.05.17"]
[EventType "tourn"]
[EventRounds "9"]
[EventCountry "BIH"]
[EventCategory "19"]
[SourceTitle "CBM 071"]
[Source "ChessBase"]
[SourceDate "1999.08.01"]
[SourceVersion "1"]
[SourceVersionDate "1999.08.01"]
[SourceQuality "1"]

1. d4 d5 2. c4 dxc4 3. e3 e6 4. Bxc4 c5 5. Nf3 a6 6. O-O Nf6 7. Bb3 {Huzman:
Winants: Kasparov avait déjà joué ainsi quelques semaines auparavant, lors de
la simultanée en deux tours disputée contre l'équipe nationale d'Argentine,
pour vaincre la résistance du grand-maître Spangenberg.  L'idée remonte а une
trentaine d'années. On la retrouve notamment aux olympiades de Varna en 1962,
dans les parties du champion tchèque Miroslav Filip, et aussi dans l'une des
rencontres du match Botvinnik-Petrosian de 1963. Le recul du Fou anticipe le
coup ...b5, pour attaquer les pions noirs immédiatement avec a4. Huzman:
Winants: Kasparov avait déjà joué ainsi quelques semaines auparavant, lors de
la simultanée en deux tours disputée contre l'équipe nationale d'Argentine,
pour vaincre la résistance du grand-maître Spangenberg.  L'idée remonte а une
trentaine d'années. On la retrouve notamment aux olympiades de Varna en 1962,
dans les parties du champion tchèque Miroslav Filip, et aussi dans l'une des
rencontres du match Botvinnik-Petrosian de 1963. Le recul du Fou anticipe le
coup ...b5, pour attaquer les pions noirs immédiatement avec a4.} b5 {Huzman:
Winants: Les ouvrages théoriques recommandent 7...Nc6 ou 7...cxd4. Piket
pourtant, avait déjà abordé cette variante de l'autre côté de l'échiquier et
on peut donc supposer qu'il avait effectué son choix en connaissance de cause.
Huzman: Winants: Les ouvrages théoriques recommandent 7...Nc6 ou 7...cxd4.
Piket pourtant, avait déjà abordé cette variante de l'autre côté de
l'échiquier et on peut donc supposer qu'il avait effectué son choix en
connaissance de cause.} 8. a4 b4 {Huzman: Ceci réduit le potentiel du Bf8 et
abandonne en même temps le contrôle du point c4. Huzman: Ceci réduit le
potentiel du Bf8 et abandonne en même temps le contrôle du point c4.} (8...
bxa4 $5 9. Bxa4+ Nbd7 10. e4 $1 $16 {1-0 Rublevsky,S-Vaulin,A/Rossia 1992 (32)}
) 9. Nbd2 Bb7 10. e4 {Huzman: Winants: Un gambit audacieux mais correct. Les
Blancs ont pour but d'exploiter la position du Roi noir, ou de gagner du
terrain au centre en établissant le fantassin le e5. Huzman: Winants: Un
gambit audacieux mais correct. Les Blancs ont pour but d'exploiter la position
du Roi noir, ou de gagner du terrain au centre en établissant le fantassin le
e5.} cxd4 11. e5 Nfd7 12. Nc4 Nc6 (12... Nc5 13. Bg5 f6 (13... Qc7 14. Nxd4
Nxb3 15. Nxb3 h6 {1/2-1/2 Tregubov,P-Sherbakov,R/Cup Russia Krasnoiarsk 
(Russia) 1998 (15)}) 14. Bh4 (14. Bf4 Nc6 15. Re1 Kf7 16. Rc1 Nxb3 17. Qxb3 Qd5
$15 {0-1 Pujos,S-Flear,G/Corsica 1997/EXT 99 (27)}) (14. exf6 gxf6 15. Nfe5 h5
$8 $17 {Slipak,S-Spangenberg,H/Buenos Aires 1996/Inf 67/}) 14... Nc6 15. exf6
gxf6 16. Nfe5 h5 17. Nxc6 Bxc6 18. Ne5 Be4 19. Re1 $36 {1-0 Roeder,M-Kraemer,M/
Germany 1998/EXT 99 (23)}) 13. Bg5 Qc7 14. Rc1 Nc5 $146 (14... Bc5 15. Nxd4
Ndxe5 16. Nxe5 Qxe5 17. Nf3 Qd6 18. Qc2 Ba7 19. Rfd1 Qc7 20. Qe4 O-O 21. Bf4
Qb6 22. Be3 Qa5 23. Ng5 Qf5 24. Qxf5 exf5 25. Bxa7 Rxa7 26. Nxf7 $18 {1-0
Topalov,V-Lautier,J/Monte Carlo 1997/EXP 57 (31)}) 15. Ba2 Ne4 (15... h6 16.
Bf4 $44 {[%cal Gc4d6]} (16. Bh4 g5 17. Bg3 Ne4)) 16. Bh4 g5 17. Bxg5 (17. Nxg5
$5 Nxg5 18. Bxg5 Rg8 19. Bf4 $1 (19. f4 h6) (19. Bh4 Nxe5 20. Bg3 Qc6 21. f3
Nxc4 22. Rxc4 (22. Bxc4 Bc5 23. Bd3 $13) 22... Bc5 23. Qd3 $44) 19... Rd8 20.
Nd6+ (20. Bg3 $5) 20... Bxd6 21. exd6 Qa5 22. Re1 d3 (22... Qf5 23. Bg3 Rxg3 $5
24. hxg3 Rxd6 25. Bb1 Qg5 26. Be4 $16)) 17... Nxg5 18. Nxg5 O-O-O 19. Qh5 (19.
Qf3 $1 Rd7 $140 20. Nd6+ Bxd6 21. exd6 Qxd6 22. Nxf7 $18) 19... Rd7 20. Nd6+ $2
(20. Ne4 Kb8 21. Ncd6 $16) 20... Bxd6 21. exd6 Qa5 $1 22. Qh4 Kb8 23. Bb1 (23.
Ne4 $5 Rc8 (23... Ne5 $140 $2 24. Rc5 Ng6 25. Nf6 $1 Rxd6 (25... Rdd8 26. Qxd4
$18) 26. Nd7+ Rxd7 (26... Ka8 27. Qg3 $18) 27. Qg3+ Qc7 28. Rxc7 Rxc7 29. Qd6
$16) 24. Qg3 Qe5 25. Rxc6 Qxe4 26. Rxc8+ Bxc8 $15 {[%csl Rd6]}) 23... Rg8 24.
Ne4 Ne5 25. f3 (25. f4 f5 26. fxe5 fxe4 27. Bxe4 Qxe5 28. Bxb7 Kxb7 29. Rfe1
Qd5 $17) (25. Qxh7 Qd8 $36 {[%cal Yf7f5,Yg8h8]}) 25... Bxe4 26. Qxe4 (26. Bxe4
d3 $1 (26... f5 27. Bc6 Rxd6 (27... Rdg7 28. Qxd4 Rxg2+ 29. Kh1 $36) 28. Qxh7
Rxg2+ 29. Kxg2 Nxc6 30. Qg8+ Kb7 31. Qf7+ Kb6 $132 (31... Kb8 32. Qf8+ Rd8 33.
Qc5 $14)) 27. f4 d2 28. Rcd1 Nc4 29. Qxh7 Qc5+ 30. Kh1 Rc8 $17) 26... Rxd6 27.
Qxh7 Rgd8 $15 28. Bd3 $1 (28. f4 Ng4 29. Qxf7 d3 $19) 28... Nxd3 (28... Qxa4
29. Ra1 Qb3 30. Bxa6 Qe3+ 31. Kh1 d3 32. Rfe1 Qf4 33. Qe4 $11) 29. Qxd3 Qxa4
30. b3 Qd7 31. Rc5 (31. Rc4 Qb7 32. Ra1 (32. Qd2 a5) 32... Rd5 $15) 31... Rc6
$1 32. Rfc1 Rxc5 33. Rxc5 Qd6 (33... Qb7 34. h4 Qb6 35. Rc4 $132 {[%cal Gh4h7]}
) 34. Rc4 (34. Qc4 d3 $1 35. Qxb4+ Ka7 $19) 34... Ka7 (34... e5 35. Qe4 Ka7 36.
Rc6 Qd5 37. Qxd5 Rxd5 38. Kf2) 35. h4 (35. Qe4 f5 (35... d3 $2 36. Rxb4 Qc5+
37. Kf1 Rd7 38. Rc4 $132) 36. Qd3 e5 $17) 35... e5 36. Kf1 f5 $6 37. Qxf5 d3
38. Rc1 Qd5 $2 (38... d2 39. Rd1) 39. Qh7+ Kb8 $4 (39... Ka8 40. Rc7 (40. Qh6
Qb5 41. Qd2 Rd4 $36) 40... Kb8 $1 (40... Qd4 41. Qg6 Kb8 42. Rc4 $1 Qa1+ 43.
Kf2 $16) 41. Qe7 $1 Qd6 $1 (41... d2 $140 $2 42. Rb7+ Qxb7 43. Qxd8+ Ka7 44.
Ke2 $18) 42. Qxd6 (42. Rb7+ Kc8 43. Ke1 e4 $1 44. Qxd6 Rxd6 45. Re7 (45. Rxb4
$2 d2+ 46. Kd1 e3 47. Re4 Rd3 $19) 45... exf3 (45... Rg6 46. Rxe4 Rxg2 47. Rxb4
$16) 46. gxf3 Rf6 47. h5 Rh6 48. Re5 Rf6 $11) 42... Rxd6 43. Rc1 d2 44. Rd1 Rd4
45. h5 $1 (45. g3 Rd3 46. Ke2 e4 47. fxe4 Rxg3 48. Rxd2 Rxb3 $11) (45. Ke2 Rxh4
46. Rxd2 $14) 45... Rh4 46. Ke2 Rxh5 47. Ke3 Kc7 48. Ke4 $16) (39... Rd7 $1 40.
Rc7+ Rxc7 41. Qxc7+ $11) 40. Qc7+ Ka8 41. Rc6 1-0

[Event "NED-ch54"]
[Site "Rotterdam "]
[Date "1999.05.31"]
[Round "3"]
[White "Sokolov, Ivan"]
[Black "Cifuentes Parada, Roberto"]
[Result "1/2-1/2"]
[WhiteElo "2624"]
[BlackElo "2529"]
[Annotator "Huzman,A"]
[PlyCount "125"]
[EventDate "1999.05.29"]
[EventType "tourn"]
[EventRounds "11"]
[EventCountry "NED"]
[EventCategory "12"]
[SourceTitle "CBM 072"]
[Source "ChessBase"]
[SourceDate "1999.10.01"]
[SourceVersion "1"]
[SourceVersionDate "1999.10.01"]
[SourceQuality "1"]

1. d4 d5 2. c4 dxc4 3. e3 Nf6 4. Bxc4 e6 5. Nf3 c5 6. O-O Nc6 7. Nc3 a6 8. Bd3
cxd4 9. exd4 Be7 10. Re1 O-O 11. Bg5 (11. a3 $5) 11... Nb4 12. Bb1 b5 13. a3 (
13. Qb3 Bb7 (13... Nbd5 14. Nxd5 Nxd5 (14... Qxd5 15. Qxd5 Nxd5 16. Bxe7 Nxe7
17. Be4 Ra7 18. Rac1 $36) 15. Bxe7 Nxe7 16. Be4 Ra7 $11 {[%cal Yc8b7]}) 14.
Bxf6 gxf6 15. Be4 Bxe4 16. Nxe4 Nd5 17. Rac1 $14 {/=}) 13... Nbd5 14. Nxd5 Nxd5
15. Qd3 g6 16. Bh6 Re8 17. Ne5 Bf8 (17... Bb7 18. Qf3 Bf6 19. Be4 (19. Bg5 Qe7
20. h4 $5) 19... Qe7 $11) 18. Bxf8 Rxf8 19. Qg3 Bb7 20. Be4 Rc8 21. h4 Qe7 22.
Rad1 (22. h5 Nf6 23. Bxb7 Qxb7) 22... Nf6 23. Bb1 Rfd8 $11 24. Qg5 Nd5 25. Qh6
Qf8 26. Qd2 b4 (26... Nb6 $5 27. h5 $140 Nc4) 27. a4 Nf6 28. Qf4 Nh5 (28... Qe7
$5) 29. Qe3 Qe7 30. g3 Nf6 31. Bd3 a5 $6 {[%csl Ra5]} (31... Nd5 32. Qh6 Qf8
$11) 32. Qg5 Nd5 33. Nc4 $1 Qxg5 34. hxg5 Ra8 (34... Ba6 35. Nxa5 Bxd3 36. Rxd3
Rc2 37. b3 $16) 35. Be4 Bc6 36. b3 Kg7 $6 (36... Ra7 37. Ne5 Ba8 $11) 37. Ne5
Be8 38. Rc1 $14 h6 39. gxh6+ Kxh6 40. Rc5 Ra7 41. Bxd5 exd5 (41... Rxd5 42.
Rxd5 exd5 43. Rc1 f6 44. Ng4+ Kg5 45. Ne3 $16) 42. Rec1 $16 f6 43. Ng4+ Kg7 44.
Ne3 Bf7 45. Rc7 (45. Kf1 $1 Re8 (45... Rh8 46. Ke2 $16) 46. Ke2 Re4 47. Kd3 $16
) 45... Rxc7 46. Rxc7 Re8 47. Kf1 Rh8 (47... Re4 48. Nc2 Kf8 49. Rc5 g5 50. f3
Re7 51. Rxa5 $18) 48. Ke2 (48. Ra7 Rh1+ 49. Ke2 Rb1 $132) 48... Rh1 49. Nf1 g5
$1 50. Ra7 f5 $1 51. f3 (51. Rxa5 Bh5+) (51. Ne3 Rb1 52. Rxa5 (52. Nxd5 Rb2+
53. Kd3 Rxb3+ 54. Kc4 Rc3+ 55. Kb5 Rf3 $132) 52... Rb2+ $1 (52... Rxb3 53.
Nxf5+ (53. Nxd5 Bh5+ 54. Kd2 Rb2+ $132) 53... Kf6 54. Ne3 Rb2+ 55. Kf3 Ra2 56.
Ra6+ Ke7 57. Nf5+ $16) 53. Kd3 (53. Ke1 Rb1+ 54. Kd2 Rb2+ 55. Nc2 Rxb3 $132)
53... Rxb3+ 54. Kc2 Rc3+ 55. Kb2 (55. Kd2 Ra3 56. Nxf5+ Kf6 57. g4 Ra2+ 58. Kd3
Rxf2 $132) 55... f4 56. gxf4 gxf4 57. Nxd5 Rf3 $132) 51... f4 52. g4 (52. gxf4
gxf4 53. Rxa5 Be6 54. Rc5 Bh3 55. Rc1 Bxf1+ (55... Kf6 $5 56. a5 Bxf1+ 57. Rxf1
Rh2+ 58. Rf2 Rh1 $132) 56. Rxf1 Rh2+ 57. Rf2 Rh1 $132) 52... Rh8 53. Rxa5 Rb8
$11 {[%csl Rf1]} 54. Rc5 Kf6 55. a5 Ke6 56. Rc6+ Kd7 57. Rf6 Be6 58. a6 Ra8 59.
Rg6 Rxa6 60. Rxg5 Kd6 61. Nd2 Bd7 62. Rg6+ Ke7 63. Rxa6 1/2-1/2

[Event "EU-Cup 15th final"]
[Site "Bugojno"]
[Date "1999.10.31"]
[Round "3"]
[White "Nikitin, Andrey"]
[Black "Van den Doel, Erik"]
[Result "1/2-1/2"]
[WhiteElo "2386"]
[BlackElo "2528"]
[Annotator "Huzman,A"]
[PlyCount "89"]
[EventDate "1999.10.29"]
[EventType "team-k.o."]
[EventRounds "3"]
[EventCountry "BIH"]
[SourceTitle "EXT 2020"]
[Source "ChessBase"]
[SourceDate "2019.10.17"]
[SourceVersion "1"]
[SourceVersionDate "2019.10.17"]
[SourceQuality "1"]
[WhiteTeam "Tomsk Siberia"]
[BlackTeam "Breda Panfox"]
[WhiteTeamCountry "RUS"]
[BlackTeamCountry "NED"]

1. d4 d5 2. c4 dxc4 3. Nf3 e6 4. e3 Nf6 5. Bxc4 c5 6. O-O a6 7. b3 Nbd7 8. Bb2
b5 9. Be2 Bb7 10. a4 bxa4 11. Rxa4 cxd4 (11... Be7 12. Nbd2 Nb6 (12... O-O 13.
Qa1 cxd4 (13... Nb6 14. Ra2 Nbd5 15. Rc1 Nb4 16. Ra4 cxd4 17. Bxd4 Bc6 18. Ra5
Bb5 19. Bxb5 axb5 20. Ra7 {+= 1-0 Stohl,I-Timoshchenko,G/SVK 1998/EXT 99 (39)})
14. Bxd4 Nb6 15. Ra5 Bb4 16. Rg5 Nbd7 17. Rd1 h6 18. Rg3 Bd6 19. Rh3 Qe7 20.
Nc4 Bc7 21. Nfe5 Nxe5 22. Nxe5 Rfd8 23. Nc4 Be4 {=+ 0-1 Fernandez,J-Tempone,M/
Mar del Plata 1992/EXT 98 (37)}) 13. Ra5 cxd4 14. Bxd4 Nbd5 15. Qa1 O-O 16. Rc1
(16. Nc4 Bb4 17. Ra2 a5 {= 1-0 Schlosser,P-Maiwald,J/Munich 1993/TD (29)})
16... Nb4 17. Nc4 Rc8 18. Nfe5 Nfd5 19. Ra4 f6 20. Nd3 Bc6 21. Nxb4 Nxb4 22.
Ra5 Bb5 {=+ 1/2-1/2 Agdestein,S-Ehlvest,J/Belgrade 1989/CBM 16/ (43)}) 12. Nxd4
Nc5 13. Ra1 (13. Rc4 Bd5 14. Rc1 Qb6 (14... Rb8 15. b4 Rxb4 16. Ba3 Nb3 17. Nc6
$1 {+=}) 15. Bf3 Rd8 {=}) 13... Be7 (13... e5 14. Nf5 (14. Nf3 Qxd1 15. Bxd1 e4
{=}) (14. b4 exd4 15. bxc5 dxe3 {=+} (15... Bxc5 16. exd4 Bd6 {=})) 14... Qxd1
15. Rxd1 (15. Bxd1 Nd3 16. Bc3 Ne4 {=}) 15... Nxb3 16. Ra3 $1 Bxa3 (16... Nc5
17. Bxe5 {+/-}) 17. Bxa3 {+-}) 14. b4 Ncd7 (14... Nce4 15. f3 Nd6 16. Qa4+ Qd7
17. Rc1 {+=}) 15. Bf3 Nd5 $2 (15... Qb6 $142 {=}) 16. Nf5 $1 (16. Nxe6 fxe6 17.
Bxg7 (17. Bxd5 Bxd5 18. Bxg7 Bf6 19. Bxh8 Bxh8 20. Qh5+ Kf8 21. Ra4 Qe7 {-/+})
17... Bf6 18. Bxh8 Bxh8 {-/+}) 16... O-O 17. Nxe7+ (17. Nxg7 $2 Bf6 {-/+}) (17.
Bxg7 $1 exf5 18. Bxf8 Nxf8 19. Qb3 $1 Rc8 (19... Ne6 20. Rd1 Rc8 21. g3 Nec7
22. Nc3 Bf6 23. Rac1 (23. Nxd5 $2 Bxa1 24. Nxc7 Bxf3 25. Rxd8+ Rxd8 {-+}) 23...
Nxc3 24. Rxd8+ Bxd8 (24... Rxd8 25. Bxb7 Ne2+ 26. Kg2 Nxc1 27. Qc4 {+-}) 25.
Bxb7 Ne2+ 26. Kg2 Nxc1 27. Qc4 Rb8 28. Bf3 {+-}) (19... Qd6 20. Rd1 Rc8 (20...
Qe5 21. Ra5 Bd6 22. g3 {+-}) 21. Ra5 Qxb4 22. Bxd5 Qxa5 23. Bxf7+ Kg7 24. Qxb7
Rd8 (24... Rc7 25. Qb3 {+-}) 25. Bd5 {+-}) 20. Ra5 (20. Rd1 Rc7 21. b5 (21. Ra5
Bxb4 22. Raxd5 Bxd5 23. Bxd5 Bd6 {+=}) 21... axb5 22. Ra7 {+/-}) 20... Bxb4 21.
Rxd5 Bxd5 22. Bxd5 Qe7 23. Bxf7+ Qxf7 24. Qxb4 {+-}) 17... Qxe7 18. Nc3 N7f6
19. Nxd5 Nxd5 20. Qd4 Nf6 (20... f6 {=}) 21. Qc5 (21. Bxb7 $5 Qxb7 22. Qf4 {+=}
) 21... Qxc5 22. bxc5 Bxf3 23. gxf3 Nd5 24. Be5 Rfc8 25. Bd6 a5 26. Ra3 Nb4 27.
Rb1 f6 28. Ra4 Kf7 29. f4 Ke8 30. Rba1 Nc6 31. Rb1 Ra7 32. Rb6 Kd7 33. Kf1 Nd8
34. Rb5 (34. Ke2 Nb7 35. Rd4 {=}) 34... Nb7 35. Ke2 Nxd6 36. cxd6 Rca8 37. Rb6
Ra6 38. Rb7+ Kxd6 39. Rxg7 R6a7 40. Rg1 Kc5 41. Rd4 a4 42. Rc1+ Kb5 43. Rb1+
Kc5 44. Rc1+ Kb5 45. Rb1+ 1/2-1/2